නෙත් පත් තැන්/

Saved in:
Bibliographic Details
Main Author: කොඩිකාර, චන්දි
Format: Book
Language:English
Sinhalese
Published: ගම්පහ : රත්සර, 2022.
Edition:2 වන මුද්‍රණය.
Subjects:
Tags: Add Tag
No Tags, Be the first to tag this record!

MARC

LEADER 00000nam a22000007a 4500
003 LK-HbPL
005 20260309101808.0
008 260309b |||||||| |||| 00| 0 eng d
020 |a 9786246001025 
040 |a LK-HbPL  |b sin  |d LK-HbPL 
041 |a sin 
082 |2 23  |a 891.483  |b කොඩිකා 
100 |a කොඩිකාර, චන්දි 
245 |a නෙත් පත් තැන්/  |c චන්දි කොඩිකාර. 
250 |a 2 වන මුද්‍රණය. 
260 |a ගම්පහ :  |b රත්සර,  |c 2022. 
300 |a පි.456 ;  |c සෙ.මී.22 
650 0 |a සිංහල ප්‍රබන්ධ 
942 |c LBK 
999 |c 13253  |d 13253